Statistiche per Elenca la formazione - Finale Europei 2004

Clicka qui per fare il quiz!

Statistiche generali

  • Questo quiz è stato fatto 12 volte
  • Il punteggio medio è 7 su 22

Statistiche sulle risposte

RuoloClub dell'epocaCalciatore% Corretto
AlaManchester UnitedCristiano Ronaldo
92%
TrequartistaPortoDeco
75%
AlaReal MadridLuís Figo
75%
DifensorePortoRicardo Carvalho
58%
AttaccanteWerder BremaAngelos Charisteas
42%
DifensoreDeportivo La CoruñaJorge Andrade
42%
DifensoreRomaTraianos Dellas
42%
CentrocampistaPortoManiche
33%
AttaccanteParis Saint-GermainPauleta
33%
CentrocampistaAEK AteneTheodoros Zagorakis
33%
PortiereSporting LisbonaRicardo
25%
AttaccanteFiorentinaZisis Vryzas
25%
CentrocampistaPanathīnaïkosAngelos Basinas
17%
CentrocampistaPortoCostinha
17%
DifensorePanathīnaïkosGiourkas Seitaridis
17%
CentrocampistaAEK AteneKostas Katsouranis
17%
DifensorePortoNuno Valente
17%
DifensoreBenficaTakis Fyssas
17%
PortierePanathīnaïkosAntōnīs Nikopolidīs
8%
DifensoreAEK AteneMichalis Kapsis
8%
DifensoreBenficaMiguel
8%
AttaccanteBoltonStelios Giannakopoulos
8%

Distribuzione punteggi

Percentile per numero di risposta

Percentuale di utenti per punteggio

I tuoi punteggi nel tempo

Non hai fatto questo quiz